000 00342nam a2200145Ia 4500
008 150201s2012 xx 000 0 und d
082 _a615.845
_bE12S
100 _aSINGH, JAGMOHAN
245 _aTB. OF ELECTROTHERAPY
250 _a2ND
260 _bJAYPEE
_aDELHI
_c2012
300 _a1-324
650 _aPHYSIOTHERAPY
942 _2ddc
_cBK
_065
999 _c1404
_d1404